<?xml version="1.0" encoding="UTF-8"?>
<record
    xmlns:xsi="http://www.w3.org/2001/XMLSchema-instance"
    xsi:schemaLocation="http://www.loc.gov/MARC21/slim http://www.loc.gov/standards/marcxml/schema/MARC21slim.xsd"
    xmlns="http://www.loc.gov/MARC21/slim">

  <leader>01656nam a22002777a 4500</leader>
  <controlfield tag="003">DO-SdBNP</controlfield>
  <controlfield tag="005">20220531084020.0</controlfield>
  <controlfield tag="007">ta</controlfield>
  <controlfield tag="008">210708e2017    dr ||||frg||| 001 0 spa d</controlfield>
  <datafield tag="040" ind1=" " ind2=" ">
    <subfield code="a">DO-SdBNP</subfield>
    <subfield code="b">spa</subfield>
    <subfield code="c">BNPHU</subfield>
  </datafield>
  <datafield tag="041" ind1=" " ind2=" ">
    <subfield code="h">spa</subfield>
  </datafield>
  <datafield tag="082" ind1=" " ind2="4">
    <subfield code="b">M843d</subfield>
    <subfield code="2">22</subfield>
  </datafield>
  <datafield tag="100" ind1="1" ind2=" ">
    <subfield code="a">Moreno Garc&#xED;a, Guillermo Antonio </subfield>
    <subfield code="d">1956 </subfield>
    <subfield code="9">79147</subfield>
  </datafield>
  <datafield tag="245" ind1="1" ind2="3">
    <subfield code="a">Denuncia penal contra Danilo Medina y otros implicado en expediente Odebrecht /</subfield>
    <subfield code="c">Guillermo Moreno </subfield>
  </datafield>
  <datafield tag="260" ind1=" " ind2=" ">
    <subfield code="a">[Santo Domingo] :</subfield>
    <subfield code="b">[Alianza Pa&#xED;s],</subfield>
    <subfield code="c">2017</subfield>
  </datafield>
  <datafield tag="300" ind1=" " ind2=" ">
    <subfield code="a">133 p. ;</subfield>
    <subfield code="c">21 cm.</subfield>
  </datafield>
  <datafield tag="500" ind1=" " ind2=" ">
    <subfield code="a">Incluye bibliograf&#xED;a y notas al pi&#xE9; de p&#xE1;ginas.</subfield>
  </datafield>
  <datafield tag="500" ind1=" " ind2=" ">
    <subfield code="a">Incluye anexos.</subfield>
  </datafield>
  <datafield tag="505" ind1=" " ind2=" ">
    <subfield code="t">I. De la facultad de los ciudadanos de denunciar los actos de corrupci&#xF3;n.--</subfield>
    <subfield code="t">II. Pertinencia y oportunidad de la presente denuncia y de la ampliaci&#xF3;n de la investigaci&#xF3;n.--</subfield>
    <subfield code="t">III. Relato circunstanciados de los hechos punibles y del desenvolvimiento procesal llevado a cabo por el Procurador General de la Rep&#xFA;blica.-- </subfield>
    <subfield code="t">IV. Alcance y carencias de la investigaci&#xF3;n penal llevada a cabo por la Procuradur&#xED;a.--</subfield>
    <subfield code="t">V. Denuncia y solicitud de ampliaci&#xF3;n de la investigaci&#xF3;n de los sobornos y otras pr&#xE1;cticas il&#xED;citas realizadas por Odebrecht entre 2001 - 2014.--</subfield>
    <subfield code="t">VI. Violaciones que resultan de los hechos punibles expuestos.--</subfield>
    <subfield code="t">VII. Conclusiones.--</subfield>
    <subfield code="t">Anexos 1 y 2</subfield>
  </datafield>
  <datafield tag="590" ind1=" " ind2=" ">
    <subfield code="a">Inventariado 2021/ MF</subfield>
  </datafield>
  <datafield tag="650" ind1=" " ind2="4">
    <subfield code="9">12359</subfield>
    <subfield code="a">Corrupcion administrativa</subfield>
    <subfield code="z">Rep&#xFA;blica Dominicana</subfield>
  </datafield>
  <datafield tag="650" ind1=" " ind2="4">
    <subfield code="9">6079</subfield>
    <subfield code="a">Corrupci&#xF3;n pol&#xED;tica</subfield>
    <subfield code="z">Rep&#xFA;blica Dominicana</subfield>
  </datafield>
  <datafield tag="650" ind1=" " ind2="4">
    <subfield code="9">14483</subfield>
    <subfield code="a">Administraci&#xF3;n de Justicia Penal</subfield>
    <subfield code="x">Investigaciones</subfield>
  </datafield>
  <datafield tag="650" ind1=" " ind2="4">
    <subfield code="9">77535</subfield>
    <subfield code="a">Partidos pol&#xED;ticos</subfield>
    <subfield code="y"> </subfield>
    <subfield code="z">Rep&#xFA;blica Dominicana</subfield>
  </datafield>
  <datafield tag="942" ind1=" " ind2=" ">
    <subfield code="2">ddc</subfield>
    <subfield code="c">LBS1</subfield>
  </datafield>
  <datafield tag="952" ind1=" " ind2=" ">
    <subfield code="0">0</subfield>
    <subfield code="1">0</subfield>
    <subfield code="2">ddc</subfield>
    <subfield code="5">1</subfield>
    <subfield code="7">0</subfield>
    <subfield code="8">PD</subfield>
    <subfield code="a">BNPHU</subfield>
    <subfield code="b">PD</subfield>
    <subfield code="c">HD</subfield>
    <subfield code="d">2018-06-29</subfield>
    <subfield code="e">Dep&#xF3;sito legal / Editora B&#xFA;ho</subfield>
    <subfield code="l">0</subfield>
    <subfield code="o">M843d</subfield>
    <subfield code="p">2021-2482</subfield>
    <subfield code="r">2021-07-08</subfield>
    <subfield code="w">2021-07-08</subfield>
    <subfield code="y">LBS1</subfield>
  </datafield>
  <datafield tag="952" ind1=" " ind2=" ">
    <subfield code="0">0</subfield>
    <subfield code="1">0</subfield>
    <subfield code="2">ddc</subfield>
    <subfield code="5">1</subfield>
    <subfield code="7">0</subfield>
    <subfield code="8">PD</subfield>
    <subfield code="a">BNPHU</subfield>
    <subfield code="b">BNPHU</subfield>
    <subfield code="c">HD</subfield>
    <subfield code="d">2018-06-29</subfield>
    <subfield code="e">Donado por Editora B&#xFA;ho</subfield>
    <subfield code="l">0</subfield>
    <subfield code="o">M843d</subfield>
    <subfield code="p">2021-2483</subfield>
    <subfield code="r">2021-07-08</subfield>
    <subfield code="t">e.2</subfield>
    <subfield code="w">2021-07-08</subfield>
    <subfield code="y">LBS1</subfield>
  </datafield>
  <datafield tag="952" ind1=" " ind2=" ">
    <subfield code="0">0</subfield>
    <subfield code="1">0</subfield>
    <subfield code="2">ddc</subfield>
    <subfield code="5">6</subfield>
    <subfield code="7">0</subfield>
    <subfield code="8">DS</subfield>
    <subfield code="a">BNPHU</subfield>
    <subfield code="b">BNPHU</subfield>
    <subfield code="c">HD</subfield>
    <subfield code="d">2018-06-29</subfield>
    <subfield code="l">0</subfield>
    <subfield code="o">M843d</subfield>
    <subfield code="p">2021-2484</subfield>
    <subfield code="r">2021-07-08</subfield>
    <subfield code="t">e.3</subfield>
    <subfield code="w">2021-07-08</subfield>
    <subfield code="y">LBS1</subfield>
  </datafield>
  <datafield tag="999" ind1=" " ind2=" ">
    <subfield code="c">50075</subfield>
    <subfield code="d">50075</subfield>
  </datafield>
</record>
